• 首页
  • 本馆介绍
  • 公告通知
  • 最新文献
  • 馆藏检索
  • 电子资源
  • 读者导购
  • 参考咨询
  • 我的图书馆
  • 登录
  • 详细信息显示
  • 放入我的书架
  • 预约/预借图书
  • 作者相关作品
  • 分类相关作品
  • 丛书相关作品
  • 出版社相关作品

书目信息

  • 表格格式
  • 工作单格式
  • 卡片格式
题名:
分子克隆实验指南
    
 
作者: 萨姆布鲁克 , 弗里奇 , 曼尼阿蒂斯 著 ;金冬雁 , 黎孟枫 译
分册:  
出版信息: 北京   科学出版社  1992.10
页数: 1061页
开本: 26cm
丛书名: 现代生物技术译丛
单 册:
中图分类: Q785
科图分类:
主题词: 遗传工程--无性繁殖
电子资源:
ISBN: 7-03-002808-2
000 00878nam2 2200277 45
001 0211041688
005 20041224114019.4
010    @a7-03-002808-2@b精装@dCNY95.00
100    @a20021104e20021992km y0chiy0120 ea
101 0  @achi
105    @a z 000yy
200 1  @a分子克隆实验指南@AFen Zi Ke Long Shi Yan Zhi Nan@f(美)J.萨姆布鲁克,E.F.弗里奇,T.曼尼阿蒂斯著@F(Mei)J.Sa Mu Bu Lu Ke,E.F.Fu Li Qi,T.Man Ni A Di Si Zhu@g金冬雁,黎孟枫译
205    @a2版
210    @a北京@c科学出版社@d1992.10@h2002.2重印
215    @a1061页@d26cm
225    @a现代生物技术译丛
410    @12001 @a现代生物技术译丛
606 0  @a遗传工程@x无性繁殖
690    @aQ785@v4
701  0 @a萨姆布鲁克@4著
701  0 @a弗里奇@4著
701  0 @a曼尼阿蒂斯@4著
702  0 @a金冬雁@AJin Dong Yan@4译
702  0 @a黎孟枫@ALi Meng Feng@4译
801    @aCN@bTSTC@c20021104
905    @dQ785@e33=2
    
    分子克隆实验指南/(美)J.萨姆布鲁克,E.F.弗里奇,T.曼尼阿蒂斯著/金冬雁,黎孟枫译.-2版.-北京:科学出版社,1992.10(2002.2重印)
    1061页;26cm.-(现代生物技术译丛)
    
    
    ISBN 7-03-002808-2(精装):CNY95.00
    
●
相关链接 在E读中查询图书 在五车中查询图书 在当当中查询图书 在豆瓣中查询图书


正题名:分子克隆实验指南     索取号:Q785/33=2         预约/预借

序号 登录号 条形码 馆藏地/架位号 状态 备注
1 0316813   203168133   工具书阅览室/ [索取号:Q785/33=2] 在馆    
2 0316814   203168142   密集书库/ [索取号:Q785/33=2] 在馆    
3 0316815   203168151   第二样本阅览室/ [索取号:Q785/33=2] 在馆    
唐山师范学院图书馆 欢迎您!
大连网信软件有限公司© 版权所有